PR11-近畿日本鉄道の駅 - Statistics

General Stats
  • This quiz has been taken 1,263 times
  • The average score is 147 of 308
Answer Stats
本線 % Correct
大阪難波
95%
大阪上本町
93%
生駒
93%
近鉄奈良
93%
京都
93%
大和西大寺
92%
鶴橋
90%
近鉄名古屋
90%
近鉄日本橋
89%
大和八木
88%
橿原神宮前
88%
鳥羽
87%
布施
86%
天理
86%
伊勢中川
86%
近鉄四日市
85%
84%
賢島
83%
吉野
82%
大阪阿部野橋
81%
宇治山田
80%
新大宮
79%
伊勢市
78%
河内長野
78%
石切
77%
竹田
77%
田原本
77%
学園前
76%
学研奈良登美ヶ丘
76%
名張
76%
西青山
76%
東青山
76%
桑名
76%
道明寺
76%
近鉄丹波橋
75%
東寺
73%
松阪
73%
東花園
72%
今里
72%
長田
71%
近鉄弥富
71%
湯の山温泉
71%
東生駒
70%
王寺
70%
桜井
70%
西田原本
69%
五位堂
69%
白子
69%
八木西口
68%
新王寺
68%
榊原温泉口
68%
津新町
68%
古市
68%
吉野口
68%
青山町
67%
近鉄御所
67%
新石切
66%
新田辺
66%
大和高田
66%
伊賀神戸
66%
五十鈴川
66%
新祝園
64%
高の原
64%
榛原
64%
瓢箪山
63%
信貴山口
63%
鈴鹿市
63%
柏原
63%
河内永和
62%
菖蒲池
62%
桃山御陵前
62%
近鉄八尾
62%
近鉄八田
61%
鵜方
61%
河内山本
60%
近鉄蟹江
60%
平端
59%
高安
59%
河内小阪
58%
十条
58%
俊徳道
58%
河内国分
58%
桔梗が丘
58%
志摩磯部
58%
藤井寺
58%
富田林
58%
生駒山上
58%
近鉄郡山
57%
大和朝倉
57%
近鉄富田
57%
近鉄長島
57%
河内花園
56%
大阪教育大前
56%
赤目口
56%
畝傍御陵前
55%
室生口大野
55%
尺土
55%
大久保
54%
伊勢若松
54%
ファミリー公園前
53%
飛鳥
53%
学研北生駒
52%
富雄
51%
伏見
51%
西ノ京
51%
長瀬
51%
久居
51%
平田町
51%
高田市
51%
八戸ノ里
50%
近鉄宮津
50%
平城
50%
黄金
50%
米野
50%
河内松原
50%
枚岡
49%
九条
48%
若江岩田
47%
耳成
47%
江戸橋
47%
橿原神宮西口
47%
吉野神宮
47%
上鳥羽口
46%
大福
46%
三本松
46%
川越富洲原
46%
富吉
46%
明星
46%
額田
45%
河堀口
45%
六田
45%
三山木
44%
二上
44%
桃園
44%
柏原南口
44%
荒本
43%
小倉
43%
弥刀
43%
長谷寺
43%
塩浜
43%
河内天美
43%
下市口
43%
久宝寺口
42%
美旗
42%
伊賀上津
42%
近鉄下田
41%
池の浦
41%
矢田
41%
白庭台
40%
烏森
40%
富田林西口
40%
壺阪山
40%
木津川台
39%
前栽
39%
南生駒
38%
信貴山下
38%
二階堂
38%
川合高岡
38%
朝熊
38%
志摩神明
38%
針中野
38%
二上山
38%
吉田
37%
南が丘
37%
白塚
37%
37%
鳥居前
37%
向島
36%
尼ヶ辻
36%
伊勢朝日
36%
菰野
36%
中之郷
36%
新ノ口
35%
大三
35%
伊勢石橋
35%
東松阪
35%
大和上市
35%
平群
34%
関屋
34%
宝山寺
34%
堅下
33%
安堂
33%
33%
33%
興戸
32%
伊勢中原
32%
菜畑
31%
伊勢田
31%
山田川
31%
恩智
31%
北楠
31%
土師ノ里
31%
二上神社口
31%
岡寺
31%
一分
30%
東山
30%
真菅
30%
海山道
30%
佐古木
30%
宮町
30%
寺田
29%
富野荘
29%
筒井
29%
斎宮
29%
上之郷
29%
北田辺
29%
上ノ太子
29%
喜志
29%
近鉄新庄
29%
薬水
29%
高安山
29%
狛田
28%
法善寺
28%
松塚
28%
明野
28%
今川
28%
高田本山
27%
志摩赤崎
27%
久津川
26%
布忍
26%
恵我ノ荘
26%
当麻寺
26%
浮孔
26%
結崎
25%
服部川
25%
川原町
25%
益生
25%
戸田
25%
松ヶ崎
25%
沓掛
25%
福神
25%
築山
24%
新正
24%
阿倉川
24%
三日市
24%
志摩横山
24%
高鷲
24%
坊城
24%
滝谷不動
24%
石見
23%
大輪田
23%
小俣
23%
白木
23%
五知
23%
忍海
23%
梅屋敷
23%
佐味田川
22%
豊津上野
22%
霞ヶ浦
22%
伏屋
22%
汐ノ宮
22%
大阿太
22%
笠縫
21%
長太ノ浦
21%
高見ノ里
21%
駒ヶ谷
21%
磐城
21%
竜田川
20%
黒田
20%
但馬
20%
鼓ヶ浦
20%
中菰野
20%
漕代
20%
霞ヶ丘
20%
元山上口
19%
箸尾
19%
千里
19%
勢野北口
18%
18%
川西
18%
池部
17%
千代崎
17%
箕田
17%
伊勢松本
17%
大羽根園
17%
櫛田
17%
松尾
17%
萩の台
16%
磯山
16%
加茂
16%
穴川
16%
船津
15%
伊勢川島
14%
越部
14%
市尾
13%
中川原
12%
高角
9%
No matching quizzes found
Score Distribution
Percent of People with Each Score
Percentile by Number Answered
Your Score History
You have not taken this quiz